000 00399nam a22001337a 4500
020 _a9781835350874
082 _a621.3678
100 _aDouglas
245 _aStudy of geographic information systems and remote sensing /
_cDouglas
260 _aLondon :
_bED tech press,
_cc.2024
300 _ax, 338p. ;
504 _aIncludes bibliographical references (p. 329-332 ) and index
942 _2ddc
_cREF
999 _c750102
_d750102